LDR 00671naa#a2200181#i#450# 001 EN\\bibl\20298 005 20260701090103.3 100 ## _a20260630b2026####ek#y0engy0150####ca 102 ## _aRU 200 1# _aREAL-TIME DATA MANAGEMENT TECHNOLOGIES _eConference article/thesis 210 1# _aVoronezh _cFSBE Institution of Higher Education Voronezh State University of Forestry and Technologies named after G.F. Morozov _d2026 215 ## _a4 с. 608 ## _aConference article/thesis _2local 675 ## _aФункционирование базы данных. 004.658.2 _z 700 #1 _aShulgina _gA. N. 700 #1 _aOksyuta _gO. V. 700 #1 _aKushcheva _gI. Sergeevna 856 4# _abibl.vgltu.ru _u